Zmeny personálnych nástrojov, ktoré reagujú na potreby novej generácie zamestnancov diplomová práca

Uložené v:
Podrobná bibliografia
Hlavný autor: Kolesárová, Anna
Korporativný autor: Fakulta podnikového manažmentu EU. Katedra manažmentu
Ďalší autori: Ďurišová, Soňa, 1983-
Médium: Kniha
Jazyk:Slovak
Vydavateľské údaje: Bratislava 2024
Tagy: Pridať tag
Žiadne tagy, Buďte prvý, kto otaguje tento záznam!

MARC

LEADER 00000nbm a2200000 4500
001 0300991
005 20250211115110.0
041 0 |a slo 
044 |a SK 
245 1 0 |a Zmeny personálnych nástrojov, ktoré reagujú na potreby novej generácie zamestnancov  |b diplomová práca  |c Anna Kolesárová ; školiteľ: Soňa Ďurišová 
264 1 |a Bratislava  |c 2024 
300 |a 87 s. 
100 1 |a Kolesárová, Anna 
700 1 |a Ďurišová, Soňa, 1983- 
710 2 |a Fakulta podnikového manažmentu EU. Katedra manažmentu